| 000 | 00749nam a2200253Ia 4500 | ||
|---|---|---|---|
| 003 | OSt | ||
| 005 | 20221005060212.0 | ||
| 006 | a|||||r|||| 00| 0 | ||
| 007 | ta | ||
| 008 | 221004b |||||||| |||| 00| 0 eng d | ||
| 020 | _a0700713905 | ||
| 024 | _a76694 | ||
| 037 | _cTextual | ||
| 040 |
_aCRL _cCRL _beng |
||
| 041 |
_2eng _aeng |
||
| 082 | _aO15,1A2,MR, 111P3 | ||
| 100 |
_aScharf Peter _9451833 |
||
| 245 | 0 |
_aRamopakhyana - the story of Rama in the Mahabharata _b An independent - study reader in Sanskrit |
|
| 260 |
_aLondon _bRotledge Curzon Great Britain _c2003 |
||
| 300 |
_a945p. _ccm. |
||
| 650 | _aENGLISH LITERATURE | ||
| 942 |
_hO15,1A2,MR, 111P3 _cTEXL _2cc |
||
| 999 |
_c966350 _d966350 |
||